Les Etas-Unis d'Amérique : (Record no. 162507)

MARC details
000 -LEADER
campo de control de longitud fija 00824nam a22001815i 4500
001 - NÚMERO DE CONTROL
campo de control 162507
003 - IDENTIFICADOR DE NÚMERO DE CONTROL
campo de control ES-MaACL
005 - FECHA Y HORA DE LA ÚLTIMA TRANSACCIÓN
campo de control 20250830221256.0
008 - DATOS DE LONGITUD FIJA--INFORMACIÓN GENERAL
campo de control de longitud fija 991210s1874 fr |||| | fre d
040 ## - FUENTE DE CATALOGACIÓN
Centro catalogador/agencia de origen CCPB | B
Lengua de catalogación spa
Centro/agencia transcriptor CCPB | B
100 1# - ENTRADA PRINCIPAL--NOMBRE DE PERSONA
Nombre de persona Poussin, Guillaume Tell (
Fechas asociadas al nombre 1794-1876)
9 (RLIN) 131330
245 14 - MENCIÓN DEL TÍTULO
Título Les Etas-Unis d'Amérique :
Resto del título moeurs, usages et coutumes politiques : force militaire : plan de la défense générale : résumé de la prospérité actuelle de l'Union : son avenir : étude historique et d'économie politique : 1815-1873 /
Mención de responsabilidad, etc. par le Major Poussin,...
260 ## - PUBLICACIÓN, DISTRIBUCIÓN, ETC.
Lugar de publicación, distribución, etc. Paris :
Nombre del editor, distribuidor, etc. Typographie et lithographie V\pes\s Renou, Maulde et Cock,
Fecha de publicación, distribución, etc. 1874.
300 ## - DESCRIPCIÓN FÍSICA
Extensión 241 p. ;
Dimensiones 23 cm.
651 #4 - PUNTO DE ACCESO ADICIONAL DE MATERIA--NOMBRE GEOGRÁFICO
Nombre geográfico Estados Unidos-
Subdivisión general Descripción
9 (RLIN) 8538
852 ## - LOCALIZACIÓN
Ubicación ES-MaACL
Número de control de estantería G-3656
Nota libre -- Enc. hol.
Holdings
Estatus retirado Estado de pérdida Estado de daño No para préstamo Colección Biblioteca de origen Biblioteca actual Ubicación en estantería Fecha de adquisición Fuente de adquisición Total de préstamos Signatura topográfica completa Código de barras Visto por última vez Precio de reemplazo Tipo de ítem Koha
        Libros del s. XIX Biblioteca del Ateneo de Madrid Biblioteca del Ateneo de Madrid Depósito 2 17/01/2008     G-3656 1170246 23/02/2023 23/02/2023 Libro impreso antiguo